Представление документа в формате MARC21

Поле Инд. ПП Название Значение
Тип записи a
Библиографический уровень m
001 Контрольный номер RU/IS/BASE/140274546
005 Дата корректировки 20250627153903.6
008 Кодируемые данные 20040611
022 a ISSN 0321-1878
041 a Код языка текста rus
084 a Индекс другой классификации/Индекс ББК 84(2=411.2)6; 84(4Вел)6; 83.3(2=411.2)6; 63.3(0)-7
090 a Полочн. индекс 95.2
097 00 a 110
245 00 a Заглавие Звезда
b Продолж. заглавия ежемесячный литературно-художественный и общественно-политический независимый журнал
c Ответственность учредитель: АО "Звезда"; соред. А. Ю. Арьев; Я. А. Гордин
n Номер части/ раздела №11/1995
260 00 a Место издания Санкт-Петербург
b Издательство Звезда
c Дата издания 1995
300 a Объем 225 с.
500 00 a Примечание Журнал
505 a Форматированное содержание Дневники Л. Ю. Бердяевой
n Доп. информация Продолжение
505 a Форматированное содержание Из дневника 1938-1941 гг.
b Автор Маньков А. Г.
505 a Форматированное содержание Интервью для радио Би-Би-Си к 20-летию выхода "Одного дня Ивана Денисовича"
b Автор Солженицын А. И.
505 a Форматированное содержание Лев Троцкий, он же Бронштейн, Борис Савинков
b Автор Черчилль У.
n Доп. информация Статьи
505 a Форматированное содержание Мир Фета: мгновение и вечность
b Автор Сухих И. Н.
505 a Форматированное содержание Ночные каналы
b Автор Николаев Г. Ф.
n Доп. информация Повесть
505 a Форматированное содержание Ночные рейсы на запад
b Автор Бейтс Г. Э.
n Доп. информация Повесть
505 a Форматированное содержание От звонка до звонка. Воспоминания ПЗК (1957-1962)
b Автор Вербловская И. С.
505 a Форматированное содержание От Тремело до Молокаи
b Автор Залесова-Докторова Л. В.
505 a Форматированное содержание Пора осознать свое место в мире
b Автор Петров Ю. П.
505 a Форматированное содержание Российская национальная
b Автор Губанова М. И.
b Автор Муравьева Е. Г.
n Доп. информация Императорской публичной библиотеке 200 лет
505 a Форматированное содержание Сталин и литература
b Автор Берзер А. С.
n Доп. информация Главы недописанной книги
505 a Форматированное содержание Стихи
b Автор Бетаки В. П.
505 a Форматированное содержание Жизнь кадета Евгения Гирса
b Автор Бобышев Д. В.
n Доп. информация Стихи
505 a Форматированное содержание Стихи
b Автор Капустина В. Л.
505 a Форматированное содержание Стихи
b Автор Петрова А.
505 a Форматированное содержание Три литературные модели
b Автор Гольдфаин И. И.
505 a Форматированное содержание Фоно на пиру Мнемозины: к генезису поэтического образа рояля у Иосифа Бродского
b Автор Кац Б. А.
505 a Форматированное содержание Черчилль как писатель
b Автор Темпест Р.
600 a Персоналии Бердяева Лидия Юдифовна
a Персоналии Бродский Иосиф Александрович
a Персоналии Дамьен Блаженный
a Персоналии Фет Афанасий Афанасьевич
a Персоналии Черчилль Уинстон Леонард Спенсер
650 a Основная рубрика литературоведение
a Основная рубрика художественная литература
653 a Ключевые слова XX век
a Ключевые слова английская литература
a Ключевые слова Бельгия
a Ключевые слова история
a Ключевые слова канонизация
a Ключевые слова культура
a Ключевые слова литературная критика
a Ключевые слова новейшее время
a Ключевые слова религиозная философия
a Ключевые слова Российская национальная библиотека (РНБ)
a Ключевые слова Россия
a Ключевые слова русская литература
a Ключевые слова русское зарубежье
a Ключевые слова священнослужители
a Ключевые слова словесное творчество
a Ключевые слова советский период
a Ключевые слова тоталитаризм
700 a Автор Гордин Я. А.
e Роль лиц редактор
700 a Автор Арьев А. Ю.
e Роль лиц редактор
700 a Автор Солженицын А. И.
q Полное имя Солженицын Александр Исаевич
700 a Автор Берзер А. С.
q Полное имя Берзер Анна Самойловна
700 a Автор Бобышев Д. В.
q Полное имя Бобышев Дмитрий Васильевич
700 a Автор Капустина В. Л.
q Полное имя Капустина Вероника Леонидовна
700 a Автор Николаев Г. Ф.
q Полное имя Николаев Геннадий Философович
700 a Автор Бетаки В. П.
q Полное имя Бетаки Василий Павлович
700 a Автор Петрова А.
q Полное имя Петрова Александра
700 a Автор Бейтс Г. Э.
q Полное имя Бейтс Герберт Эрнест
700 a Автор Темпест Р.
q Полное имя Темпест Ричард
700 a Автор Черчилль У.
q Полное имя Черчилль Уинстон Леонард Спенсер
700 a Автор Сухих И. Н.
q Полное имя Сухих Игорь Николаевич
700 a Автор Петров Ю. П.
q Полное имя Петров Юрий Петрович
700 a Автор Кац Б. А.
q Полное имя Кац Борис Аронович
700 a Автор Маньков А. Г.
q Полное имя Маньков Аркадий Георгиевич
700 a Автор Вербловская И. С.
q Полное имя Вербловская Ирина Савельевна
700 a Автор Гольдфаин И. И.
q Полное имя Гольдфаин Иосиф Иудович
700 a Автор Залесова-Докторова Л. В.
q Полное имя Залесова-Докторова Лариса Владимировна
700 a Автор Борисова И.
e Роль лиц автор предисловия; автор публикации; автор подготовки текста; автор примечаний
q Полное имя Борисова Инна
700 a Автор Глоцер В. И.
e Роль лиц автор публикации; автор подготовки текста; автор примечаний
q Полное имя Глоцер Владимир Иванович
700 a Автор Ермакова Н. А.
e Роль лиц переводчик
q Полное имя Ермакова Нина Алексеевна
700 a Автор Безносов В.
e Роль лиц автор публикации
q Полное имя Безносов Владимир
700 a Автор Бронникова Е. В.
e Роль лиц автор комментариев
773 w Контрольный № источника RU/IS/BASE/408119542
901 t Тип документа s
952 a Тип литературы для КСУ ВШ ЛХЖ